000 00579 a2200253 4500
260 _aMontréal
630 _aGestion
650 _aSciences appliquées
100 _aMartel, Alain
260 _bG. Morin
245 _aTechniques et applications de la recherche opérationnelle
300 _a366 p.
650 _aprise de décision
650 _acalcul économique
650 _arecherche appliquée
260 _c1979
300 _b23 cm
100 _lFr
037 _aDe 4514
250 _a2è éd.
020 _a2-89105-018-5
999 _c33739
_d33739